[Event "SV Eichlinghofen 1 - Weiße Dame Borbeck"]
[Site "Verbandsliga - Gr. 1 2019/202"]
[Date "2019.10.27"]
[Round "2.4"]
[White "Gitschel, Ralf"]
[Black "Poetter, Clemens"]
[Result "1/2-1/2"]
[WhiteElo "1881"]
[BlackElo "1994"]
[PlyCount "45"]
[EventDate "2019.??.??"]

1. e4 d6 2. d4 Nf6 3. Bd3 e5 4. c3 Nc6 5. Ne2 g6 6. O-O Bg7 7. h3 O-O 8. f4
exf4 9. Nxf4 Re8 10. Qf3 Bd7 11. Nd5 Nxd5 12. Qxf7+ Kh8 13. Qxd5 Qh4 14. Qg5
Qxg5 15. Bxg5 Nxd4 16. Rf7 Bc6 17. Nd2 Ne6 18. Be3 Nc5 19. Bxc5 dxc5 20. Nf3
Rad8 21. Bc2 Rd7 22. Rxd7 Bxd7 23. Rd1 1/2-1/2

[Event "SV Eichlinghofen 1 - Weiße Dame Borbeck"]
[Site "Verbandsliga - Gr. 1 2019/202"]
[Date "2019.10.27"]
[Round "2.5"]
[White "Korste, Sebastian"]
[Black "Wloka, Sebastian"]
[Result "1-0"]
[WhiteElo "1945"]
[BlackElo "1861"]
[Annotator "Daniel"]
[PlyCount "53"]
[EventDate "2019.??.??"]

1. d4 d5 2. Bf4 Nf6 3. e3 c5 4. c3 e6 5. Nf3 Nc6 6. Nbd2 Bd6 7. Ne5 O-O 8. Bd3
Ne7 9. h3 b6 10. O-O Bb7 11. Bh2 Ne4 12. f3 Nxd2 13. Qxd2 f6 14. Ng4 Bxh2+ $11
15. Kxh2 Qd6+ 16. Kg1 e5 17. Rac1 e4 18. Be2 Nf5 19. fxe4 Ng3 20. e5 Qe6 21.
Rf3 Nxe2+ 22. Qxe2 h5 23. Nxf6+ gxf6 24. Rg3+ Kf7 25. Rf1 Rg8 26. Qxh5+ Ke7 27.
Rxf6 1-0

[Event "SV Eichlinghofen 1 - Weiße Dame Borbeck"]
[Site "Verbandsliga - Gr. 1 2019/202"]
[Date "2019.10.27"]
[Round "2.6"]
[White "Dekhtyaryuk, Dimitri"]
[Black "Mundil, Uwe"]
[Result "0-1"]
[WhiteElo "1817"]
[BlackElo "2006"]
[PlyCount "106"]
[EventDate "2019.??.??"]

1. d4 Nf6 2. Nf3 g6 3. Bg5 Bg7 4. e3 c5 5. c3 b6 6. Bd3 Bb7 7. Nbd2 d6 8. O-O
O-O 9. Re1 h6 10. Bh4 Nbd7 11. e4 e5 12. d5 Qc7 13. a4 a6 14. Rc1 Rfe8 15. b4
Nf8 16. bxc5 Qxc5 17. Qb3 Rab8 18. Rb1 Bc8 19. Nc4 g5 20. Bg3 N8d7 21. Nfd2 Nh5
22. Qb2 Nf4 23. Bxf4 exf4 24. Nb3 Qc7 25. Qa3 Bf8 26. Nd4 Ne5 27. Nb2 Bb7 28.
Be2 Rec8 29. c4 Re8 30. Qh3 Bc8 31. Nf5 Bxf5 32. exf5 Qd7 33. Nd3 Bg7 34. Nxe5
Rxe5 35. Bd3 Rxe1+ 36. Rxe1 Qxa4 37. f6 Bxf6 38. Qxh6 Bg7 39. Qxd6 Re8 40.
Rxe8+ Qxe8 41. Qxb6 Qe1+ 42. Bf1 Kh7 43. Qb3 Bf6 44. Qd3+ Kg7 45. d6 Qa5 46. d7
Qc7 47. Qd5 Qb6 48. c5 Qa5 49. h3 f3 50. Bc4 Qe1+ 51. Kh2 Be5+ 52. Qxe5+ Qxe5+
53. g3 Qe1 0-1

[Event "SV Eichlinghofen 1 - Weiße Dame Borbeck"]
[Site "Verbandsliga - Gr. 1 2019/202"]
[Date "2019.10.27"]
[Round "2.8"]
[White "Nalliboyana, Sivaram"]
[Black "Klasmeier, Hartmut"]
[Result "1/2-1/2"]
[WhiteElo "1771"]
[BlackElo "1857"]
[PlyCount "145"]
[EventDate "2019.??.??"]

1. e4 e6 2. Nf3 d5 3. Nc3 a6 4. exd5 exd5 5. d4 Bg4 6. Bd3 Bb4 7. Bd2 Qe7+ 8.
Qe2 Bxf3 9. gxf3 Qxe2+ 10. Nxe2 Bxd2+ 11. Kxd2 Ne7 12. Nf4 Nbc6 13. c3 g6 14.
Rhe1 Kd7 15. b4 Na7 16. a4 c6 17. Bc2 Nac8 18. Nd3 Nd6 19. Nc5+ Kd8 20. Bd3 Re8
21. Re2 Ng8 22. Rae1 Rxe2+ 23. Rxe2 Nf6 24. f4 Nd7 25. f5 Nxc5 26. bxc5 Ne8 27.
fxg6 hxg6 28. Ke3 Ke7 29. Rb2 Ra7 30. f4 f5 31. h4 Ng7 32. c4 dxc4 33. Bxc4 Ne6
34. Rg2 Nf8 35. h5 Kf6 36. h6 Ra8 37. Rb2 Re8+ 38. Kf3 Re7 39. d5 a5 40. dxc6
bxc6 41. Rb6 Rc7 42. Ra6 g5 43. fxg5+ Kxg5 44. Rxa5 Ng6 45. Bf1 Kxh6 46. Ra6
Kg5 47. Kf2 Kf4 48. Bg2 Ne5 49. Ke2 Kg3 50. Bf1 Nd7 51. Ra8 Kf4 52. a5 Nxc5 53.
a6 Ne4 54. Bg2 Nd6 55. Bf1 Ke4 56. Bg2+ Kf4 57. Bf1 c5 58. Kd2 c4 59. Bg2 c3+
60. Kc2 Nb5 61. Bb7 Na3+ 62. Kc1 Nb5 63. Rc8 Rxc8 64. Bxc8 Ke5 65. Bb7 Kd4 66.
Bc6 Na7 67. Bg2 f4 68. Bb7 Kd3 69. Bg2 c2 70. Bb7 Kc3 71. Be4 Nb5 72. Bxc2 f3
73. Bd1 1/2-1/2

[Event "SG Gladbeck 1 - SF Brackel 3"]
[Site "Verbandsliga - Gr. 1 2019/202"]
[Date "2019.10.27"]
[Round "2.1"]
[White "Garbuz, Vitaliy"]
[Black "Mancic, Ivan"]
[Result "1/2-1/2"]
[WhiteElo "2080"]
[BlackElo "2159"]
[PlyCount "57"]
[EventDate "2019.??.??"]

1. e4 c5 2. d4 cxd4 3. c3 d5 4. exd5 Qxd5 5. cxd4 Nc6 6. Nf3 Bg4 7. Nc3 Bxf3 8.
gxf3 Qxd4 9. Qxd4 Nxd4 10. Nb5 e5 11. Nc7+ Kd7 12. Nxa8 Bb4+ 13. Kd1 Ne7 14. a3
Bd6 15. Bc4 f5 16. Be3 Nec6 17. Nb6+ axb6 18. b4 f4 19. Bxd4 Nxd4 20. Bd5 Ra8
21. Kd2 Ke7 22. Kd3 Rd8 23. Ke4 Ne2 24. Kd3 Nd4 25. Bxb7 Bb8 26. Kc3 e4 27.
Rhe1 Nb5+ 28. Kc2 Nd4+ 29. Kc3 1/2-1/2

[Event "SG Gladbeck 1 - SF Brackel 3"]
[Site "Verbandsliga - Gr. 1 2019/202"]
[Date "2019.10.27"]
[Round "2.2"]
[White "Frohne, Gerd"]
[Black "Gerlach, Felix"]
[Result "0-1"]
[WhiteElo "2033"]
[BlackElo "2034"]
[PlyCount "56"]
[EventDate "2019.??.??"]

1. d4 Nf6 2. Bf4 g6 3. Nc3 d5 4. e3 a6 5. h4 h5 6. Nf3 Bg7 7. Ne5 O-O 8. Be2 c5
9. g4 cxd4 10. exd4 hxg4 11. Bxg4 Bxg4 12. Nxg4 Nh5 13. Be3 Nc6 14. Qd2 f5 15.
Nh6+ Kh7 16. Nxf5 Rxf5 17. O-O-O Qd6 18. Rdg1 Raf8 19. Ne2 e5 20. c3 exd4 21.
cxd4 Qb4 22. Qd1 Na5 23. Bd2 Qc4+ 24. Kb1 Qd3+ 25. Ka1 Nc4 26. Bb4 Qxd1+ 27.
Rxd1 Re8 28. Nc3 Rxf2 0-1

[Event "SG Gladbeck 1 - SF Brackel 3"]
[Site "Verbandsliga - Gr. 1 2019/202"]
[Date "2019.10.27"]
[Round "2.3"]
[White "Kartsev, Nikolay"]
[Black "Berg, Dietmar"]
[Result "1/2-1/2"]
[WhiteElo "2120"]
[BlackElo "1949"]
[Annotator "Daniel"]
[PlyCount "103"]
[EventDate "2019.??.??"]

1. e4 c5 2. Nf3 d6 3. c3 Nf6 4. Be2 g6 5. O-O Bg7 6. d3 O-O 7. Nbd2 Nc6 8. a4
b6 9. Nc4 d5 10. Ncd2 Qc7 11. Nh4 Rd8 12. Qc2 Ba6 13. f4 dxe4 14. Nxe4 Rd7 15.
f5 Rad8 16. Bf4 Qc8 17. Rad1 Nxe4 18. dxe4 Rxd1 19. Rxd1 Rxd1+ 20. Qxd1 Bxe2
21. Qxe2 Bf6 $11 22. Qg4 Qd7 23. h3 Ne5 24. Bxe5 Bxe5 25. fxg6 Qxg4 26. gxh7+
Kxh7 27. hxg4 a6 28. Kf2 b5 29. axb5 axb5 30. Ke3 e6 31. Nf3 Bg7 32. e5 Kg6 33.
Kf4 Bf8 34. b3 Be7 35. g5 Bd8 36. Kg4 Bc7 37. c4 b4 38. Nh4+ Kg7 39. Kf4 Bd8
40. Kg4 Bc7 41. Nf3 Kg6 42. Kf4 Bd8 43. g3 Be7 44. Kg4 Bd8 45. Nh4+ Kg7 46. g6
fxg6 47. Nf3 Kh6 48. Nd2 Bg5 49. Ne4 Be7 50. Nf6 Bd8 51. Nd7 Be7 52. Nf6
1/2-1/2

[Event "SG Gladbeck 1 - SF Brackel 3"]
[Site "Verbandsliga - Gr. 1 2019/202"]
[Date "2019.10.27"]
[Round "2.4"]
[White "Rickert, Stefan"]
[Black "Stemmler, Fabian"]
[Result "1/2-1/2"]
[WhiteElo "1939"]
[BlackElo "2099"]
[Annotator "Daniel"]
[PlyCount "62"]
[EventDate "2019.??.??"]

1. e4 g6 2. d4 Bg7 3. Bc4 d6 4. Nf3 Nf6 5. e5 dxe5 6. Nxe5 O-O 7. O-O Nbd7 8.
Nc3 c5 9. Nxd7 Qxd7 10. dxc5 Qc7 11. h3 Qxc5 12. Qe2 a6 13. Be3 Qc6 14. Rad1 b5
15. Bd5 Nxd5 16. Nxd5 Re8 17. Bg5 Bb7 18. f3 $11 Kh8 19. c3 f6 20. Be3 e5 21.
Rd2 Re6 22. Rfd1 Rae8 23. Qf2 Rd6 24. Nb4 Rxd2 25. Qxd2 Qe6 26. Qd6 Bc8 27. Qc7
Bf8 28. Nc6 Kg8 29. Nd8 Qc4 30. Qb6 Be6 31. b3 Qc8 1/2-1/2

[Event "SG Gladbeck 1 - SF Brackel 3"]
[Site "Verbandsliga - Gr. 1 2019/202"]
[Date "2019.10.27"]
[Round "2.5"]
[White "Kracht, Raphael"]
[Black "Winzbeck, Frank"]
[Result "1-0"]
[WhiteElo "2045"]
[BlackElo "1885"]
[PlyCount "68"]
[EventDate "2019.??.??"]

1. e4 c5 2. d4 cxd4 3. c3 d3 4. Bxd3 d6 5. c4 Nc6 6. Nc3 Nf6 7. h3 g6 8. Nf3
Bg7 9. O-O O-O 10. Be3 Nd7 11. Rc1 Nde5 12. Be2 Be6 13. b3 Nxf3+ 14. Bxf3 Qa5
15. Qd2 Rfd8 16. Rfd1 Rac8 17. Be2 Rd7 18. f4 Rcd8 19. Bf3 f6 20. Kh1 h5 21.
Qe2 Bf7 22. Qf2 Bh6 23. Nd5 b6 24. Rc2 Kg7 25. Bd2 Qc5 26. Be3 Qa3 27. Rcd2 Nb4
28. Nc3 Qa6 29. e5 fxe5 30. fxe5 Bxe3 31. Qxe3 e6 32. exd6 Qc8 33. Qe5+ Kg8 34.
Ne4 Nc6 1-0

[Event "SG Gladbeck 1 - SF Brackel 3"]
[Site "Verbandsliga - Gr. 1 2019/202"]
[Date "2019.10.27"]
[Round "2.6"]
[White "Kruse, Peter"]
[Black "Bartelt, Max Peter"]
[Result "1/2-1/2"]
[WhiteElo "1938"]
[BlackElo "1848"]
[PlyCount "101"]
[EventDate "2019.??.??"]

1. e4 e6 2. d4 d5 3. e5 c5 4. c3 Nc6 5. Nf3 Qb6 6. a3 a5 7. Be2 Bd7 8. O-O f5
9. b3 h6 10. Bb2 c4 11. Nbd2 a4 12. Nh4 O-O-O 13. Ng6 Rh7 14. b4 Nge7 15. Bh5
Nxg6 16. Bxg6 Rh8 17. Nf3 Ne7 18. Nh4 Qc6 19. Qh5 Be8 20. Bxe8 Qxe8 21. Qxe8
Rxe8 22. g3 g5 23. Ng2 Ng6 24. Bc1 Be7 25. f4 Reg8 26. Kf2 Kd7 27. Kf3 Rg7 28.
Bd2 gxf4 29. Bxf4 h5 30. Rg1 h4 31. Be3 hxg3 32. hxg3 Rh3 33. Rh1 Nh4+ 34. Nxh4
Rgxg3+ 35. Kf2 Bxh4 36. Rxh3 Rxh3+ 37. Ke2 Rh2+ 38. Kf3 Rc2 39. Rh1 Be7 40. Rh7
Rxc3 41. Ke2 Ke8 42. Rh8+ Kf7 43. Rh7+ Ke8 44. Rh8+ Bf8 45. Bh6 Rxa3 46. Bxf8
Ra2+ 47. Kd1 a3 48. Bc5+ Kd7 49. b5 Rb2 50. Rh7+ Kc8 51. Rh8+ 1/2-1/2

[Event "SG Gladbeck 1 - SF Brackel 3"]
[Site "Verbandsliga - Gr. 1 2019/202"]
[Date "2019.10.27"]
[Round "2.7"]
[White "Schaede, Maximilian"]
[Black "Kucheyda, Joerg"]
[Result "1-0"]
[WhiteElo "1752"]
[BlackElo "1910"]
[Annotator "Daniel"]
[PlyCount "83"]
[EventDate "2019.??.??"]

1. d4 Nf6 2. Bg5 g6 3. Bxf6 exf6 4. e3 Bg7 5. g3 c6 6. Bg2 d5 7. Ne2 Na6 8. O-O
Bf5 9. Nd2 O-O 10. c4 dxc4 11. Nxc4 Qd7 12. a3 Rad8 13. b4 Bh3 14. Bxh3 Qxh3
15. Nf4 Qd7 16. Qf3 Nc7 17. Na5 Ne6 18. Nd3 Ng5 19. Qg2 Qf5 20. Nf4 Rd7 21.
Rac1 Re8 22. Nb3 Bf8 23. Nc5 Bxc5 24. Rxc5 Qe4 25. Qxe4 Nxe4 26. Rc2 Kg7 27.
Rfc1 g5 28. Nd3 h5 29. Nc5 Nxc5 $11 30. Rxc5 a6 31. a4 Re4 32. Kg2 h4 33. b5
axb5 34. axb5 cxb5 35. Rxb5 hxg3 36. Kxg3 Kg6 37. Rcb1 Ree7 38. Rb6 Kg7 39.
R1b5 Kg6 40. h4 gxh4+ 41. Kxh4 Rc7 42. Rg5+ 1-0

[Event "SG Gladbeck 1 - SF Brackel 3"]
[Site "Verbandsliga - Gr. 1 2019/202"]
[Date "2019.10.27"]
[Round "2.8"]
[White "Huttny, Georg"]
[Black "Kaluza, Lucas"]
[Result "0-1"]
[WhiteElo "1828"]
[BlackElo "1660"]
[PlyCount "56"]
[EventDate "2019.??.??"]

1. c4 e5 2. g3 Nc6 3. Bg2 f5 4. e3 Nf6 5. Nc3 Bc5 6. d3 O-O 7. Nge2 d6 8. O-O
Bb6 9. Rb1 Rb8 10. b4 Be6 11. Nd5 Ne7 12. Nxb6 axb6 13. Qc2 Qd7 14. f4 e4 15.
a3 b5 16. cxb5 Qxb5 17. Nd4 Qd7 18. Nxe6 Qxe6 19. dxe4 Nxe4 20. Rd1 Rfc8 21.
Qd3 Nc6 22. Bb2 Re8 23. Rbc1 Re7 24. Rc2 Rbe8 25. Rdc1 Qf7 26. b5 Na5 27. Bxe4
fxe4 28. Bc3 exd3 0-1

[Event "SV Ahlen 1 - SV Bottrop 1"]
[Site "Verbandsliga - Gr. 1 2019/202"]
[Date "2019.10.27"]
[Round "2.1"]
[White "Stadtmann, Jens"]
[Black "Steinle, Carsten"]
[Result "1-0"]
[WhiteElo "2155"]
[BlackElo "2112"]
[PlyCount "67"]
[EventDate "2019.??.??"]

1. e4 d6 2. d4 Nf6 3. f3 c6 4. c4 e5 5. Nc3 Be7 6. Be3 Nbd7 7. Nge2 Nf8 8. Qd2
a6 9. d5 Ng6 10. Ng3 cxd5 11. cxd5 Bd7 12. Bd3 Rc8 13. a4 Qa5 14. O-O Bd8 15.
b4 Qc7 16. Rfc1 Qb8 17. a5 Nf4 18. Bf1 N6h5 19. b5 axb5 20. Nxh5 Nxh5 21. Bxb5
Nf6 22. a6 bxa6 23. Bxa6 O-O 24. Bxc8 Qxc8 25. Qb2 Be7 26. Ne2 Qe8 27. Ra7 h5
28. Qb7 Bd8 29. Bg5 Bb5 30. Nc3 Bd3 31. Kh1 Nh7 32. Be3 Bg5 33. Bxg5 Nxg5 34.
Rca1 1-0

[Event "SV Ahlen 1 - SV Bottrop 1"]
[Site "Verbandsliga - Gr. 1 2019/202"]
[Date "2019.10.27"]
[Round "2.2"]
[White "Torres-Kuckel, Rafael"]
[Black "Boehm, Joachim"]
[Result "1/2-1/2"]
[WhiteElo "2107"]
[BlackElo "2209"]
[Annotator "Daniel"]
[PlyCount "94"]
[EventDate "2019.??.??"]

1. e4 g6 2. d4 Bg7 3. f4 d6 4. Nf3 c5 5. d5 Nf6 6. Bd3 c4 7. Bxc4 Nxe4 8. Qe2
Nf6 9. O-O O-O 10. Kh1 b5 11. Bb3 a5 12. a3 Bb7 13. Rd1 Nbd7 14. Nc3 b4 15. Na4
Ba6 16. Qe1 Nc5 17. Nxc5 dxc5 18. axb4 axb4 19. Ne5 Qd6 20. Be3 Bb5 21. Qf2
Rxa1 22. Rxa1 c4 23. Nxc4 Bxc4 24. Bxc4 Ng4 25. Qe2 Nxe3 26. Qxe3 Bxb2 27. Rf1
$11 Ra8 28. Bb3 Ra1 29. Rxa1 Bxa1 30. Qe4 Bc3 31. g3 Qf6 32. Kg2 Bd4 33. Bc4
Bc3 34. Bb3 Kg7 35. Bc4 Qd6 36. Bb3 Bf6 37. Qc4 h6 38. Qc6 Qb8 39. Qc4 Qb6 40.
d6 Qb7+ 41. Qd5 Qxd5+ 42. Bxd5 exd6 43. g4 Bb2 44. f5 g5 45. Kf3 Kf6 46. Ke4
Ke7 47. h3 Be5 1/2-1/2

[Event "SV Ahlen 1 - SV Bottrop 1"]
[Site "Verbandsliga - Gr. 1 2019/202"]
[Date "2019.10.27"]
[Round "2.3"]
[White "Nowak, Steven"]
[Black "Volesky, Alexander"]
[Result "1/2-1/2"]
[WhiteElo "1954"]
[BlackElo "2023"]
[PlyCount "113"]
[EventDate "2019.??.??"]

1. Nf3 Nf6 2. e3 b6 3. b3 Bb7 4. Bb2 e6 5. Be2 Be7 6. O-O O-O 7. c4 d6 8. d4
Ne4 9. Nfd2 Nxd2 10. Nxd2 Nd7 11. Qc2 Bf6 12. Bd3 g6 13. e4 e5 14. d5 a5 15. a3
Bg7 16. Nf3 Nc5 17. b4 Nxd3 18. Qxd3 f5 19. Nd2 Qg5 20. f4 exf4 21. Bxg7 Kxg7
22. Nf3 Qf6 23. exf5 Qxf5 24. Qxf5 Rxf5 25. Nd4 Rf7 26. Ne6+ Kg8 27. bxa5 bxa5
28. Rxf4 Rxf4 29. Nxf4 Bc8 30. Rb1 Kf7 31. Kf2 Kf6 32. Ke3 Ba6 33. Kd4 Re8 34.
Ne6 c5+ 35. Kc3 Bc8 36. Rf1+ Ke7 37. Ng5 Bf5 38. Re1+ Kd7 39. Rxe8 Kxe8 40.
Nxh7 Ke7 41. h3 Kf7 42. g4 Bd7 43. Kd3 Kg7 44. Ng5 Kf6 45. Nf3 Ba4 46. h4 Bd7
47. Nh2 Bc8 48. Ke4 g5 49. hxg5+ Kxg5 50. Kf3 Ba6 51. Nf1 Bxc4 52. Ne3 Ba2 53.
Ke2 Kf4 54. Kd3 a4 55. Nc4 Kxg4 56. Nxd6 Bxd5 57. Nc4 1/2-1/2

[Event "SV Ahlen 1 - SV Bottrop 1"]
[Site "Verbandsliga - Gr. 1 2019/202"]
[Date "2019.10.27"]
[Round "2.4"]
[White "Woestmann, Ulrich"]
[Black "Masberg, Stefan"]
[Result "1-0"]
[WhiteElo "1989"]
[BlackElo "1939"]
[PlyCount "53"]
[EventDate "2019.??.??"]

1. e4 e5 2. Nf3 Nc6 3. Bc4 Bc5 4. c3 Nf6 5. d3 d6 6. b4 Bb6 7. h3 h6 8. Nbd2
O-O 9. O-O Be6 10. Bb3 a6 11. Re1 Nh5 12. Nc4 Ba7 13. d4 exd4 14. cxd4 b5 15.
Ne3 Bxb3 16. axb3 Nxb4 17. Nf5 c5 18. N3h4 Nf6 19. Qf3 Nh7 20. Qg4 g5 21. Nxh6+
Kh8 22. Nf3 Nc2 23. Bxg5 f6 24. Bf4 Nxe1 25. Rxe1 Qe7 26. Nh4 Qg7 27. Ng6+ 1-0

[Event "SV Ahlen 1 - SV Bottrop 1"]
[Site "Verbandsliga - Gr. 1 2019/202"]
[Date "2019.10.27"]
[Round "2.5"]
[White "Gierse, Heinz-Dieter"]
[Black "Volesky, Karl-Heinz"]
[Result "0-1"]
[WhiteElo "1914"]
[BlackElo "1952"]
[PlyCount "94"]
[EventDate "2019.??.??"]

1. Nf3 Nf6 2. g3 b6 3. Bg2 Bb7 4. d3 e6 5. e4 d5 6. e5 Nfd7 7. O-O c5 8. Re1
Nc6 9. Bf4 Be7 10. h4 h6 11. Qc1 Rg8 12. h5 Qc7 13. c3 Ba6 14. Qd2 c4 15. d4
Na5 16. Qe3 Qc6 17. Nbd2 Bb5 18. Rec1 Rc8 19. g4 Rh8 20. Bg3 Nf8 21. b3 Qc7 22.
Bf1 a6 23. Rab1 cxb3 24. axb3 Bxf1 25. Kxf1 b5 26. Ra1 Qb6 27. b4 Nc4 28. Nxc4
bxc4 29. Rc2 Nd7 30. Rca2 Nb8 31. Nh4 Qd8 32. Ng2 Rc6 33. f4 Kd7 34. Qf2 g6 35.
f5 gxf5 36. gxf5 Bg5 37. b5 axb5 38. Ra7+ Rc7 39. Qb2 Nc6 40. Qxb5 Qb8 41. Qxb8
Rxb8 42. Rxc7+ Kxc7 43. fxe6 fxe6 44. Ra2 Rb3 45. Rc2 Nxd4 46. Rf2 Rxc3 47.
Rf7+ Kc6 0-1

[Event "SV Ahlen 1 - SV Bottrop 1"]
[Site "Verbandsliga - Gr. 1 2019/202"]
[Date "2019.10.27"]
[Round "2.6"]
[White "Busche, Klaus"]
[Black "Jaeger, Heinz"]
[Result "1/2-1/2"]
[WhiteElo "1948"]
[BlackElo "1948"]
[PlyCount "45"]
[EventDate "2019.??.??"]

1. d4 d5 2. Bf4 Nf6 3. e3 e6 4. Nd2 c5 5. c3 Nc6 6. Ngf3 Bd6 7. Bg3 O-O 8. Bd3
Qe7 9. Ne5 Nd7 10. f4 f6 11. Nxd7 Bxd7 12. O-O f5 13. Nf3 Nd8 14. Bh4 Qe8 15.
Qe2 Nf7 16. Rfd1 c4 17. Bc2 Ba4 18. b3 Bb5 19. b4 Ba4 20. Rdb1 Bxc2 21. Qxc2
Be7 22. Bxe7 Qxe7 23. a4 1/2-1/2

[Event "SV Ahlen 1 - SV Bottrop 1"]
[Site "Verbandsliga - Gr. 1 2019/202"]
[Date "2019.10.27"]
[Round "2.7"]
[White "Huestegge, Ulrich"]
[Black "Starp, Klaus"]
[Result "1/2-1/2"]
[WhiteElo "1850"]
[BlackElo "1897"]
[PlyCount "28"]
[EventDate "2019.??.??"]

1. c4 c5 2. Nc3 Nc6 3. g3 g6 4. Bg2 Bg7 5. d3 e5 6. e4 Nge7 7. Nge2 O-O 8. O-O
d6 9. f4 Be6 10. Nd5 f5 11. fxe5 dxe5 12. Be3 Bxd5 13. cxd5 Nd4 14. Qd2 Qd6
1/2-1/2

[Event "SV Ahlen 1 - SV Bottrop 1"]
[Site "Verbandsliga - Gr. 1 2019/202"]
[Date "2019.10.27"]
[Round "2.8"]
[White "Dreesbach, Harald"]
[Black "Tochtrop, Lothar"]
[Result "1/2-1/2"]
[WhiteElo "1792"]
[BlackElo "1786"]
[PlyCount "49"]
[EventDate "2019.??.??"]

1. d4 Nf6 2. Nf3 d5 3. e3 e6 4. Bd3 Bd6 5. Nbd2 Nbd7 6. Qe2 c5 7. c3 O-O 8. e4
dxe4 9. Nxe4 Nxe4 10. Bxe4 Nf6 11. Bg5 cxd4 12. Nxd4 h6 13. Bh4 Be7 14. Bd3 Qd5
15. O-O a6 16. Bc4 Qa5 17. Bd3 Nd5 18. Bxe7 Nxe7 19. Qe4 f5 20. Qe2 e5 21. Bc4+
Kh8 22. Nf3 e4 23. Nd4 Ng6 24. f3 exf3 25. Qxf3 1/2-1/2

[Event "Dortmunder SV 1 - SC Buer-Hassel 1"]
[Site "Verbandsliga - Gr. 2 2019/202"]
[Date "2019.10.27"]
[Round "2.1"]
[White "Griebl, Joern"]
[Black "Wichtrup, Jan-Louis"]
[Result "0-1"]
[WhiteElo "2191"]
[BlackElo "2127"]
[PlyCount "88"]
[EventDate "2019.??.??"]

1. Nf3 Nf6 2. g3 b6 3. Bg2 Bb7 4. O-O g6 5. d4 Bg7 6. c4 O-O 7. Nc3 Ne4 8. Qd3
Nxc3 9. Qxc3 c5 10. Qd3 cxd4 11. Nxd4 Bxg2 12. Kxg2 Nc6 13. Nxc6 dxc6 14. Qe4
Qd7 15. Rb1 f5 16. Qc2 Rad8 17. Bg5 Bf6 18. Bxf6 Rxf6 19. Rbd1 Rd6 20. Rxd6
Qxd6 21. Rc1 Qd2 22. e3 Kf7 23. h4 e5 24. a3 Ke6 25. c5 Qxc2 26. Rxc2 b5 27.
Kf3 e4+ 28. Kf4 Kf6 29. g4 Rd1 30. gxf5 gxf5 31. Kg3 Ke5 32. b4 Ra1 33. Rc3 a6
34. Kg2 h5 35. Kg3 Rd1 36. f4+ Kd5 37. Kf2 Rd2+ 38. Ke1 Rh2 39. Rc1 Rh1+ 40.
Kd2 Rxc1 41. Kxc1 a5 42. bxa5 Kxc5 43. Kc2 Kd6 44. Kc3 c5 0-1

[Event "Dortmunder SV 1 - SC Buer-Hassel 1"]
[Site "Verbandsliga - Gr. 2 2019/202"]
[Date "2019.10.27"]
[Round "2.3"]
[White "Wolff, Christoph"]
[Black "Mallee, Ralph"]
[Result "0-1"]
[WhiteElo "1960"]
[BlackElo "2064"]
[Annotator "Daniel"]
[PlyCount "68"]
[EventDate "2019.??.??"]

1. e4 e5 2. Nc3 Nf6 3. g3 Bc5 4. Bg2 Nc6 5. Nge2 a6 6. d3 d6 7. h3 O-O 8. O-O
Be6 9. Nd5 Nd4 10. Bg5 Nxe2+ 11. Qxe2 Bxd5 12. exd5 h6 13. Bd2 Qd7 $11 14. Qf3
Nh7 15. g4 f5 16. gxf5 Qxf5 17. Qxf5 Rxf5 18. Be4 Rf6 19. b4 Bb6 20. Rae1 Raf8
21. Be3 Bxe3 22. Bxh7+ Kxh7 23. fxe3 Rxf1+ 24. Rxf1 Rxf1+ 25. Kxf1 Kg6 26. a4
b6 27. c4 Kg5 28. Kg2 Kh4 29. d4 e4 30. Kh2 g5 31. Kg2 g4 32. hxg4 Kxg4 33. Kf2
Kh3 34. c5 Kh2 0-1

[Event "Dortmunder SV 1 - SC Buer-Hassel 1"]
[Site "Verbandsliga - Gr. 2 2019/202"]
[Date "2019.10.27"]
[Round "2.4"]
[White "Huettemann, Karl-Heinz"]
[Black "Hammerich, Simon"]
[Result "0-1"]
[WhiteElo "1952"]
[BlackElo "2032"]
[PlyCount "46"]
[EventDate "2019.??.??"]

1. c4 e5 2. Nc3 Nf6 3. Nf3 Nc6 4. e3 Bb4 5. Qc2 Bxc3 6. Qxc3 Qe7 7. a3 d5 8.
cxd5 Nxd5 9. Qc2 e4 10. Bb5 exf3 11. Bxc6+ bxc6 12. Qxc6+ Qd7 13. Qxa8 O-O 14.
gxf3 Ba6 15. Qxa7 Qb5 16. Kd1 Qe2+ 17. Kc2 Qd3+ 18. Kd1 Qe2+ 19. Kc2 Bd3+ 20.
Kb3 Bc4+ 21. Kc2 Qd3+ 22. Kd1 Bb3+ 23. Ke1 Re8 0-1

[Event "Dortmunder SV 1 - SC Buer-Hassel 1"]
[Site "Verbandsliga - Gr. 2 2019/202"]
[Date "2019.10.27"]
[Round "2.5"]
[White "Wiechen, Ulrich"]
[Black "Canzler, Harald"]
[Result "1-0"]
[WhiteElo "1910"]
[BlackElo "1967"]
[PlyCount "45"]
[EventDate "2019.??.??"]

1. e4 d6 2. d4 Nf6 3. Nc3 e5 4. Nf3 Nbd7 5. Bc4 Be7 6. Qe2 O-O 7. Be3 Ng4 8.
O-O-O Nxe3 9. fxe3 Bf6 10. h4 c6 11. a4 a6 12. g4 b5 13. Bb3 g6 14. g5 Bg7 15.
h5 Re8 16. hxg6 hxg6 17. Rh4 b4 18. Na2 exd4 19. exd4 c5 20. Bd5 Rb8 21. Qh2
Nf6 22. gxf6 Qxf6 23. Rf4 1-0

[Event "Dortmunder SV 1 - SC Buer-Hassel 1"]
[Site "Verbandsliga - Gr. 2 2019/202"]
[Date "2019.10.27"]
[Round "2.6"]
[White "Brockmann, Fabian"]
[Black "Strohmann, Andreas"]
[Result "1-0"]
[WhiteElo "1921"]
[BlackElo "1862"]
[Annotator "Daniel"]
[PlyCount "67"]
[EventDate "2019.??.??"]

1. e4 d5 2. exd5 Nf6 3. Nc3 Nxd5 4. Bc4 c6 5. Qf3 e6 6. Nge2 Nd7 7. d4 Be7 8.
Qg3 Nxc3 9. Nxc3 Nf6 10. Be3 Qd6 11. f4 Qb4 12. Bb3 Ne4 13. Qf3 Nxc3 14. Bd2
Qd6 15. Bxc3 Bf6 16. O-O-O a5 17. a4 Bd7 $11 18. Rhe1 O-O 19. g4 b5 20. g5 Be7
21. Rd3 b4 22. Bd2 Bc8 23. Qe4 Re8 24. Rh3 g6 25. Bc4 Ba6 26. Bxa6 Rxa6 27. Rd3
Qd5 28. Kb1 Raa8 29. Qe2 Qf5 30. Qf3 Qd5 31. Qf2 Rad8 32. Re5 Qh1+ 33. Ka2 Rd5
34. Re1 1-0

[Event "Dortmunder SV 1 - SC Buer-Hassel 1"]
[Site "Verbandsliga - Gr. 2 2019/202"]
[Date "2019.10.27"]
[Round "2.7"]
[White "Hirschberg, Markus"]
[Black "Alarand, Beshr"]
[Result "0-1"]
[WhiteElo "1802"]
[BlackElo "1908"]
[PlyCount "114"]
[EventDate "2019.??.??"]

1. e4 c5 2. Nf3 d6 3. d4 cxd4 4. Nxd4 g6 5. Be3 Bg7 6. Be2 Nf6 7. Nc3 Nc6 8. a3
O-O 9. g4 a6 10. g5 Nd7 11. f4 Nxd4 12. Bxd4 e5 13. Be3 exf4 14. Bxf4 Ne5 15.
Qd2 Be6 16. O-O-O Qb6 17. Qxd6 Nc6 18. Qd3 Rac8 19. Qe3 Bd4 20. Qg3 Qa5 21. Bd2
Be5 22. Nd5 Qa4 23. Nc3 Qa5 24. Nd5 Qa4 25. Nc3 Nd4 26. Bd3 Bxg3 27. Nxa4 Nb3+
28. Kb1 Nxd2+ 29. Rxd2 Bf4 30. Rg2 b5 31. Nc3 Bh3 32. Rgg1 Rc5 33. Nd5 Bd6 34.
Re1 Kg7 35. Re3 Be6 36. Nc3 Rxg5 37. h4 Re5 38. Rhe1 Bc5 39. R3e2 Bd4 40. Nd1
Bg4 41. Rg2 h5 42. Nf2 Bc8 43. Reg1 Rfe8 44. c3 Bb6 45. Rf1 Bb7 46. Nh3 Bxe4
47. Bxe4 Rxe4 48. Ng5 Re1+ 49. Rxe1 Rxe1+ 50. Kc2 Rh1 51. Rd2 Rxh4 52. Rd7 Rh2+
53. Kb3 Rf2 54. Ne6+ Kh6 55. Rd6 Rf6 56. Rxb6 Rxe6 57. Rb7 f5 0-1

[Event "Dortmunder SV 1 - SC Buer-Hassel 1"]
[Site "Verbandsliga - Gr. 2 2019/202"]
[Date "2019.10.27"]
[Round "2.8"]
[White "Wolff, Torsten"]
[Black "Lazarev, Vadim"]
[Result "1/2-1/2"]
[WhiteElo "1859"]
[BlackElo "1771"]
[PlyCount "87"]
[EventDate "2019.??.??"]

1. d4 d5 2. Bf4 Nf6 3. e3 Bf5 4. c4 c6 5. Bd3 Qa5+ 6. Nc3 dxc4 7. Bxc4 b5 8.
Bb3 e6 9. Nge2 Be7 10. O-O O-O 11. Bc2 Bxc2 12. Qxc2 Nd5 13. Rfc1 Na6 14. a3
Nxf4 15. Nxf4 Bd6 16. Nd3 Rac8 17. Ne4 Bb8 18. Nec5 Nxc5 19. Qxc5 Rfd8 20. Nb4
Bd6 21. Nxc6 Qd2 22. Qc2 Qxc2 23. Rxc2 Rc7 24. Rac1 Re8 25. g3 Kf8 26. Kf1 Rec8
27. Nb4 Rxc2 28. Rxc2 Rxc2 29. Nxc2 a5 30. Ke2 h5 31. h3 f5 32. e4 g6 33. exf5
gxf5 34. Kd3 Ke7 35. Ne3 Kf6 36. Ng2 Kg5 37. f4+ Kf6 38. h4 Ke7 39. Ne3 Kd7 40.
Nc2 Kc6 41. b3 Kd5 42. a4 bxa4 43. bxa4 Be7 44. Ne3+ 1/2-1/2